Načítá se...

Organizational theory and design: a strategic approach for management

Podrobná bibliografie
Hlavní autor: Gerloff, Edwin A
Médium: Printed Book
Jazyk:Undetermined
Vydáno: New York Mcgraw- Hill Book Company 1985
LEADER 00561nam a2200133Ia 4500
008 161229s9999 xx 000 0 und d
082 |a 658.401 2 GER/OR 
100 |a Gerloff, Edwin A 
245 |a Organizational theory and design: a strategic approach for management 
260 |b Mcgraw- Hill Book Company  |a New York  |c 1985 
300 |a xviii, 378 
942 |c BK 
999 |c 152162  |d 152162 
952 |0 0  |1 0  |4 0  |6 658_401000000000000_2_GEROR  |7 0  |9 151223  |a KAUCLV  |b KAUCLV  |d 2016-12-29  |o 658.401 2 GER/OR  |p 903471  |r 2016-12-29  |w 2016-12-29  |y BK  |z Book transferred from CCBM Library ,Acc.No:3579